Digital signal processing and applications with the OMAP-L138 eXperimenter (Record no. 135815)
[ view plain ]
| 000 -LEADER | |
|---|---|
| fixed length control field | 01973nam a2200325 a 4500 |
| 082 04 - DEWEY DECIMAL CLASSIFICATION NUMBER | |
| Classification number | 621.382/2078 |
| 100 1# - MAIN ENTRY--AUTHOR NAME | |
| Personal name | Reay, Donald |
| 245 10 - TITLE STATEMENT | |
| Title | Digital signal processing and applications with the OMAP-L138 eXperimenter |
| 260 ## - PUBLICATION, DISTRIBUTION, ETC. (IMPRINT) | |
| Place of publication | Hoboken, N.J. : |
| Name of publisher | Wiley, |
| Year of publication | c2012. |
| 300 ## - PHYSICAL DESCRIPTION | |
| Number of Pages | xvii, 340 p. : |
| Other physical details | ill. |
| 520 ## - SUMMARY, ETC. | |
| Summary, etc | "This is the most comprehensive text available on hands-on teaching of Digital Signal Processing, and the first book to feature the new floating point DSP development system to be promoted by the Texas Instruments University Program: the OMAP L138 eXperimenter and CCS v4 (which replaces the C6713DSK). Using a practical approach, the book provides a large number of real-time example programs that use actual input and output signals and give visible and audible results. It is an excellent teaching aid for professors wishing to teach DSP via laboratory experiments and for students or engineers wishing to study DSP using the inexpensive OMAP L138 eXperimenter"-- |
| 650 #0 - SUBJECT ADDED ENTRY--TOPICAL TERM | |
| Topical Term | Signal processing |
| Topical Term | Microprocessors |
| 856 40 - ELECTRONIC LOCATION AND ACCESS | |
| Uniform Resource Identifier | http://site.ebrary.com/lib/rucke/Doc?id=10542530 |
| 520 ## - SUMMARY, ETC. | |
| -- | Provided by publisher. |
No items available.
